| 000 | 00674cam a2200229 i 4500 | ||
|---|---|---|---|
| 001 | 2738935 | ||
| 005 | 20180205074049.0 | ||
| 008 | 800130s1980 cau b 001 0 eng | ||
| 010 | _a 78059447 | ||
| 020 |
_a0520037375 : _c$17.50 |
||
| 040 |
_aDLC _cDLC _dDLC |
||
| 041 | _aeng | ||
| 080 | _a658.009 mer | ||
| 082 | 0 | 0 |
_a658.009 mer _219 |
| 100 | 1 | _a54 | |
| 101 | _aman | ||
| 245 | 1 | 0 |
_aManagement and ideology : _cJudith A. Merkle. |
| 504 | _aBibliography: p. 299-313. | ||
| 740 | 0 | _aScientific management movement. | |
| 906 |
_a7 _bcbc _corignew _d1 _eocip _f19 _gy-gencatlg |
||
| 942 |
_2ddc _cBK |
||
| 999 |
_c41778 _d41778 |
||